000 01177cam a2200265 a 4500
001 000006674
005 20200929153955.0
008 941110s1986 sp a b 001 0 spa d
020 _a8400063228
040 _aDO-SdBNP
_cMdBJ
_dDLC
082 _a946.55
_bS243a
100 1 _aSarasa Sánchez, Esteban.
_918580
245 1 0 _aAragón en el reinado de Fernando I, 1412-1416 :
_bgobierno y administración, constitución política, hacienda real /
_cEsteban Sarasa Sánchez.
260 _aZaragoza, España :
_bInstitución Fernando el Católico,
_c1986.
300 _a264 p. :
_bmap ;
_c24 cm.
490 1 _aTesis doctorales
_vno. 60
490 1 _aPublicación de la "Institución Fernando el Católico"
_vno. 1046
500 _aBasado en la tesis del autor - Zaragoza, 1980.
504 _aIncluye referencias bibliográficas (p. 33-47) e índice.
651 4 _aAragón (España{Rpara}
_xHistoria
_yFERNANDO I, 1412-1416.
_918581
651 4 _aAragón (España{Rpara}
_xPolítica Y Gobierno
_918582
830 0 _aTesis doctorales ;
_vno 60.
_94085
830 0 _aPublicación. de la Institución "Fernando el Católico" ;
_vno. 1046.
_916758
910 _aCatalogación por copia / LC
999 _c6463
_d6463